|
|
|
|
| LEADER |
01294nam a2200301 a 4500 |
| 001 |
11870195 |
| 008 |
991216s2000 ctu b 001 0 eng |
| 010 |
|
|
|a 99086038
|
| 020 |
|
|
|a 0300084587 (alk. paper)
|
| 040 |
|
|
|a DLC
|c DLC
|d DLC
|d BD-DhAAL
|
| 082 |
0 |
0 |
|a 820.9/9287/09034
|2 21
|
| 100 |
1 |
|
|a Gilbert, Sandra M.
|
| 245 |
1 |
4 |
|a The madwoman in the attic :
|b the woman writer and the nineteenth-century literary imagination /
|c Sandra M. Gilbert and Susan Gubar.
|
| 250 |
|
|
|a 2nd ed.
|
| 260 |
|
|
|a New Haven :
|b Yale University Press,
|c 2000.
|
| 300 |
|
|
|a xlvi, 719 p. ;
|c 20 cm.
|
| 504 |
|
|
|a Includes bibliographical references and index.
|
| 650 |
|
0 |
|a English literature
|x Women authors
|x History and criticism.
|
| 650 |
|
0 |
|a Women and literature
|z Great Britain
|x History
|y 19th century.
|
| 650 |
|
0 |
|a English literature
|y 19th century
|x History and criticism.
|
| 650 |
|
0 |
|a English literature
|x Psychological aspects.
|
| 650 |
|
0 |
|a Women authors
|x Psychology.
|
| 650 |
|
0 |
|a Women in literature.
|
| 700 |
1 |
|
|a Gubar, Susan,
|d 1944-
|
| 852 |
4 |
|
|a Ayesha Abed Library
|j General shelf
|
| 942 |
0 |
0 |
|0 1
|
| 999 |
|
|
|c 8979
|d 8979
|
| 952 |
|
|
|0 0
|1 0
|2 ddc
|4 0
|6 820_992870903400000_GIL_2000
|7 0
|9 11054
|a BRACUL
|b BRACUL
|c GEN
|d 2010-06-17
|l 16
|m 54
|o 820.9928709034 GIL
|p 3010019239
|r 2026-03-08
|s 2025-09-24
|t 1
|w 2010-06-17
|y BK
|